Detalles MARC
| 000 -LÍDER |
| Campo fijo de descripción fija |
01797pam a22004817i 4500 |
| 001 - NÚMERO DE CONTROL |
| Campo de control |
15234740 |
| 003 - IDENTIFICADOR DEL NÚMERO DE CONTROL |
| Campo de control |
CO-MdFUSB |
| 005 - FECHA Y HORA DE LA ULTIMA TRANSACCIÓN |
| control field |
20180622170748.0 |
| 008 - ELEMENTOS DE LONGITUD FIJA -- INFORMACIÓN GENERAL |
| Campo fijo de descripción fija -- Información general |
080326t2008 enka b 001 0 eng |
| 010 ## - NÚMERO DE CONTROL DE LA BIBLIOTECA DEL CONGRESO |
| Número de control LC |
2008271805 |
| 020 ## - NÚMERO INTERNACIONAL NORMALIZADO PARA LIBROS |
| Número Internacional Normalizado del libro |
9780521871020 |
| 020 ## - NÚMERO INTERNACIONAL NORMALIZADO PARA LIBROS |
| Número Internacional Normalizado del libro |
0521871026 |
| 040 ## - FUENTE DE CATALOGACIÓN |
| Agencia de catalogación original |
UKM |
| Agencia que realiza la transcripción |
CO-MdFUSB |
| Agencia que realiza la modificación |
CO-MdFUSB |
| -- |
BAKER |
| -- |
YDXCP |
| -- |
C#P |
| -- |
DLC |
| Idioma de catalogación |
spa |
| Convenciones de la descripción |
rda |
| 041 ## - CÓDIGO DE IDIOMA |
| Código de idioma para texto/pista de sonido o título separado |
eng |
| 042 ## - AUTHENTICATION CODE |
| Authentication code |
ukblcatcopy |
| -- |
lccopycat |
| 082 04 - NÚMERO DE CLASIFICACIÓN DECIMAL DEWEY |
| Número de la edición del Dewey |
24 |
| Número de clasificación |
G 576.8 |
| Clave de autor-Numero de item |
F546f |
| 245 10 - TÍTULO |
| Título del Material |
Fitness of the cosmos for life |
| Parte restante del título - Subtitulo |
: biochemistry and fine-tuning |
| Mención de responsabilidad, etc. |
/ editado por John Barrow, Simon Conway Morris, Stephen J. Freeland y Charles L. Harper, Jr. |
| 260 ## - PUBLICACIÓN, DISTRIBUCIÓN, ETC. (PIE DE IMPRENTA) |
| Nombre del editor, distribuidor, etc. |
Cambridge University Press, |
| 264 #1 - PRODUCCIÓN, PUBLICACIÓN, DISTRIBUCIÓN, MANUFACTURA, Y COPYRIGHT |
| Lugar de producción, publicación, distribución, manufactura |
Cambridge ; |
| -- |
New York ; |
| Nombre del productor, publicador, distribuidor |
Cambridge University Press, |
| Fecha de producción, publicación, distribución, manufactura, o copyright |
℗[2008] |
| 264 #4 - PRODUCCIÓN, PUBLICACIÓN, DISTRIBUCIÓN, MANUFACTURA, Y COPYRIGHT |
| Fecha de producción, publicación, distribución, manufactura, o copyright |
©2008 |
| 300 ## - DESCRIPCIÓN FÍSICA |
| Extensión |
xxiii, 501 páginas : |
| Otros detalles físicos |
ilustraciones ; |
| Dimensiones |
25 cm. |
| 336 ## - TIPO DE CONTENIDO |
| Fuente |
rdacontent |
| Término de tipo de contenido |
|
| Código de tipo de contenido |
|
| 337 ## - TIPO DE MEDIO |
| Fuente |
rdamedia |
| Nombre del tipo de medio |
|
| Código del tipo de medio |
|
| 338 ## - TIPO DE SOPORTE |
| Fuente |
rdacarrier |
| Nombre del tipo de soporte |
|
| Código Tipo de soporte |
|
| 440 #0 - MENCIÓN DE SERIE /ASIENTO SECUNDARIO-- TITULO |
| Designación numérica/secuencial del volumen |
no. 2 |
| 490 ## - MENCIÓN DE SERIE |
| Mención de serie |
Cambridge Astrobiology |
| 501 ## - NOTA DE “CON” |
| Nota de Contenido |
Incluye índice (p. 491- 501) |
| 505 ## - NOTA DE CONTENIDO |
| Nota de contenido con formato preestablecido |
Parte I: La aptitud del ¨fitness¨: Henderson en su contexto -- Parte II: La aptitud del medio ambiente cósmico -- Parte III: La aptitud del ambiente terrestre -- Parte IV: La aptitud del medio ambiente químico |
| 653 ## - TÉRMINO DE INDIZACIÓN - NO CONTROLADO |
| Término no controlado |
Bioquímica |
| 653 ## - TÉRMINO DE INDIZACIÓN - NO CONTROLADO |
| Término no controlado |
Exobiología |
| 700 1# - ASIENTO SECUNDARIO - NOMBRE PERSONAL |
| Nombre personal |
Barrow, John D., |
| Fechas asociadas con el nombre |
1952- |
| Responsabilidad |
editor |
| 720 ## - ASIENTO SECUNDARIO - NOMBRE NO CONTROLADO |
| Nombre |
Morris, Simon Conway |
| 720 ## - ASIENTO SECUNDARIO - NOMBRE NO CONTROLADO |
| Nombre |
Freeland, Stephen J. |
| 720 ## - ASIENTO SECUNDARIO - NOMBRE NO CONTROLADO |
| Nombre |
Harper, Charles L., Jr. |
| 906 ## - LOCAL DATA ELEMENT F, LDF (RLIN) |
| a |
7 |
| b |
cbc |
| c |
copycat |
| d |
2 |
| e |
ncip |
| f |
20 |
| g |
y-gencatlg |
| 942 ## - TIPO DE MATERIAL (KOHA) |
| Tipo de Item KOHA |
Libros General |